| 000 | 00789cab a2200229 4500 | ||
|---|---|---|---|
| 001 | L136782 | ||
| 008 | 070223n2007 000 0 eng u | ||
| 035 | _a(Sirsi) u136782 | ||
| 041 | _aeng | ||
| 100 | 1 | _aRoberts, Philip | |
| 245 | 0 | 0 | _aStraighten things out |
| 260 | _c2007 | ||
| 490 | 0 | 0 |
_aEstates Gazette _v(0707) 17 February 2007, 138-139(2) |
| 520 | _aSets out the four remedies that are open to landlords in the event of a tenant's default and discusses their respective usefulness. | ||
| 590 | _aKA | ||
| 650 | 2 | 4 | _aLEASEHOLD PROPERTY (REPAIRS) ACT 1938 |
| 650 | 2 | 4 | _aLAW OF PROPERTY ACT 1925 S146 |
| 650 | 2 | 4 | _aLANDLORD AND TENANT ACT 1927 S18(1) |
| 651 | 4 |
_aEngland and Wales _y1543- |
|
| 690 | _aPROPERTY-LEASEHOLD PROPERTY-LANDLORD AND TENANT-LEASES | ||
| 942 | _n0 | ||
| 999 |
_c78441 _d78441 |
||